Gazi Mustafa Kemal Atatürk'ün 1923 Eskişehir-İzmit konuşmaları (Record no. 8189)

MARC details
000 -BAŞLIK
Sabit Uzunlukta Kontrol Alanı 01037na a2200289 4500
001 - KONTROL NUMARASI
Denetim Alanı 14284
003 - KONTROL NUMARASI IDENTIFIER
Denetim Alanı MIRAKIL
005 - SON İŞLEM TARİHİ VE ZAMANI
Denetim Alanı 20181213155203.0
008 - SABİT-BOY VERİ ELEMANLARI - GENEL BİLGİLER
Sabit Uzunlukta Kontrol Alanı 161019b tu 000 0
035 ## - SİSTEM KONTROL NUMARASI
Sistem Kontrol Numarası 14284
040 ## - KATALOGLAMA KAYNAK
Orijinal Kataloglama Ajansı Milas
Kataloglama Dili tur
Metne Dönüştürmek Ajansı TR-AnCHP
082 ## - DEWEY ONLU SINIFLANDIRMA NUMARASI
Sınıflandırma Numarası ATA 915
Ürün Numarası G29 1982
090 ## - SINIFLAMA NUMARASI
Sınıflama Numarası ATA 915 G29 1982
245 ## - BAŞLIK TABLOSU
Başlık Gazi Mustafa Kemal Atatürk'ün 1923 Eskişehir-İzmit konuşmaları
Sorumluluk Tablosu, Vb yayına hazırlayan Arı İnan
260 ## - YAYIN, DAĞITIM, VB
Yayın, Dağıtım, Vb Yeri Ankara
Yayıncı, Dağıtıcı, Vs Adı Türk Tarih Kurumu
Yayın, Dağıtım, Vb Tarihi 1982
300 ## - FİZİKSEL TANIM
Kapsam 141 s.
Boyutlar 23 sm.
490 ## - SERİSİ TABLOSU
Seri Beyanı Türk Dil Kurumu yayınları
Hacim / Ardışık Tanımı XVI
490 ## - SERİSİ TABLOSU
Seri Beyanı Sayı
Hacim / Ardışık Tanımı 44
504 ## - KAYNAKÇA VB NOT
Kaynakça Vb Notu Dizin var.
600 ## - KONU KATMA GİRİŞ - KURUMSAL ADI
Kişisel Ad Atatürk, Mustafa Kemal
Bir Adıyla İlişkilendirilen Tarihler 1881-1938
Genel Alt Bölümü Siyasal ve sosyal görüşler
Coğrafi Alt Bölümü Eskişehir (Türkiye)
600 ## - KONU KATMA GİRİŞ - KURUMSAL ADI
Kişisel Ad Atatürk, Mustafa Kemal
Bir Adıyla İlişkilendirilen Tarihler 1881-1938
Genel Alt Bölümü Siyasal ve sosyal görüşler
Coğrafi Alt Bölümü İzmit
600 ## - KONU KATMA GİRİŞ - KURUMSAL ADI
Kişisel Ad Atatürk, Mustafa Kemal
Bir Adıyla İlişkilendirilen Tarihler 1881-1938
Genel Alt Bölümü Siyasal ve sosyal görüşler
Coğrafi Alt Bölümü İstanbul
651 ## - KONU KATMA GİRİŞ - COĞRAFİ ADI
Coğrafi İsim Türkiye
Genel Alt Bölümü Siyaset ve yönetim
Kronolojik Alt Bölümü 1919-1923
651 ## - KONU KATMA GİRİŞ - COĞRAFİ ADI
Coğrafi İsim Türkiye
Genel Alt Bölümü Siyasal tarih
700 ## - KATMA GİRİŞ - KİŞİSEL İSİM
Kişisel Ad İnan, Arı
942 ## - EKLENDİ GİRİŞ ELEMANLARI (KOHA)
Sınıflandırma Veya Raf Düzeni Kaynak
Koha Öğesi Türü Books
999 ## - SİSTEM KONTROL NUMARALARI (KOHA)
Koha Biblionumber 8189
Koha Biblioitemnumber 8189
Holdings
Kalıcı Konum Mevcut Konum Edinme Tarihi Edinim Kaynak Toplam Check-Out'Lar Tam Çağrı Numarası Barkod Tarih Son Görülme İtibaren Geçerli Fiyatlar Koha Öğesi Türü Kopya Sayısı
CHP Kütüphanesi CHP Kütüphanesi 08/26/2016 Bağış   ATA 915 G29 1982 002167 08/26/2016 08/26/2016 Books  
CHP Kütüphanesi CHP Kütüphanesi 07/13/2017 Bağış   ATA 915 G29 1982 017088 07/13/2017 07/13/2017 Books k.2